Osud človeka /

Hlavní autor: Šolochov, Michail Aleksandrovič, 1905-1984
Další autoři: Ličková, Marta, 1926-2020
Jazyk: Slovenština
Vydáno: Bratislava : Slovenský spisovateľ, 1970
Vydání: 3. vyd.
Edice: Záhrada
Fyzický popis: 79 s. ; 8°
Knihy
Uloženo v:
LEADER 00905nam a22002652a 4500
001 000940090
003 CZ BrMZK
005 20090526084530.0
007 ta
008 090520s1970 xo er|||||||||||slo d
040 |a BOA001  |b cze 
041 1 |a slo  |h rus 
100 1 |a Šolochov, Michail Aleksandrovič,  |d 1905-1984  |7 jn19990209875  |4 aut 
245 1 0 |a Osud človeka /  |c Michail Šolochov ; z ruskeho originála ... preložila Marta Ličková ; doslov napísal Viktor Kochol 
250 |a 3. vyd. 
260 |a Bratislava :  |b Slovenský spisovateľ,  |c 1970 
300 |a 79 s. ;  |c 8° 
490 1 |a Záhrada ;  |v zv. 35 
700 1 |a Ličková, Marta,  |d 1926-2020  |7 mzk2004241670  |4 trl 
765 0 |t Sud'ba čeloveka  |9 Slovensky 
830 0 |a Záhrada 
910 |a BOA001  |b 1-0641.068 
990 |a BK 
991 |b 200905 
996 7 |b 2619491332  |c 1-0641.068  |l MZK  |r Sklad / do 1 hodiny  |n 1  |w 000940090  |u 000010  |a 1  |e BOA001  |j MZK50  |s A